Compendio de arte mesoamericano (Record no. 9293)

MARC details
000 -CABECERA
campo de control de longitud fija 00811nam a2200265 a 4500
001 - NÚMERO DE CONTROL
campo de control BRL_481
005 - FECHA Y HORA DE LA ÚLTIMA TRANSACCIÓN
campo de control 20190320210749.0
008 - DATOS DE LONGITUD FIJA--INFORMACIÓN GENERAL
campo de control de longitud fija 190813s1950----mx-a######---#000-0#spa-#
041 ## - CÓDIGO DE LENGUA
Código de lengua del texto/banda sonora o título independiente spa
044 ## - CÓDIGO DEL PAÍS DE LA ENTIDAD EDITORA/PRODUCTORA
Código MARC del país mx
050 #4 - SIGNATURA TOPOGRÁFICA DE LA BIBLIOTECA DEL CONGRESO
Número de clasificación N6553
Número de documento/Ítem .E53 7 1950
100 1# - ENTRADA PRINCIPAL--NOMBRE DE PERSONA
Nombre de persona Bernal, Ignacio
9 (RLIN) 778
245 10 - MENCIÓN DE TÍTULO
Título Compendio de arte mesoamericano
Mención de responsabilidad, etc. Ignacio Bernal.
260 ## - PUBLICACIÓN, DISTRIBUCIÓN, ETC.
Lugar de publicación, distribución, etc. México
Nombre del editor, distribuidor, etc. Ediciones Mexicanas
Fecha de publicación, distribución, etc. 1950
300 ## - DESCRIPCIÓN FÍSICA
Extensión 52 p.
Otras características físicas il. (algunas a color), 42 láminas, 1 mapa
Dimensiones 24 cm.
440 #0 - MENCIÓN DE SERIE/PUNTO DE ACCESO ADICIONAL--TÍTULO
Título Enciclopedia mexicana de arte
Designación de volumen o secuencia 7
9 (RLIN) 24055
500 ## - NOTA GENERAL
Nota general Au468
650 14 - PUNTO DE ACCESO ADICIONAL DE MATERIA--TÉRMINO DE MATERIA
Término de materia o nombre geográfico como elemento de entrada Arte
Subdivisión geográfica México
9 (RLIN) 24056
650 14 - PUNTO DE ACCESO ADICIONAL DE MATERIA--TÉRMINO DE MATERIA
Término de materia o nombre geográfico como elemento de entrada Arte indígena
Subdivisión geográfica México
9 (RLIN) 597
650 14 - PUNTO DE ACCESO ADICIONAL DE MATERIA--TÉRMINO DE MATERIA
Término de materia o nombre geográfico como elemento de entrada Arte indígena
Subdivisión geográfica Centroamérica
9 (RLIN) 24057
651 #4 - PUNTO DE ACCESO ADICIONAL DE MATERIA--NOMBRE GEOGRÁFICO
Nombre geográfico México
Subdivisión general Antigüedades
9 (RLIN) 2765
651 #4 - PUNTO DE ACCESO ADICIONAL DE MATERIA--NOMBRE GEOGRÁFICO
Nombre geográfico Centroamérica
Subdivisión general Antigüedades
9 (RLIN) 24058
902 ## - CATALOGADOR
Iniciales GRL
942 ## - ELEMENTOS DE PUNTO DE ACCESO ADICIONAL (KOHA)
Fuente del sistema de clasificación o colocación Library of Congress Classification
Tipo de ítem Koha Libros
Holdings
Estado de retiro Estado de pérdida Estado dañado No para préstamo Localización permanente Ubicación/localización actual Fecha de adquisición Número de inventario Total de préstamos Signatura topográfica completa Código de barras Fecha visto por última vez Precio válido a partir de Tipo de ítem Koha
El ejemplar forma parte de la colección y puede ser consultado según las políticas vigentes.       Biblioteca Centro de Estudios Ruth D. Lechuga Biblioteca Centro de Estudios Ruth D. Lechuga 19/08/2013 Au468   N6553 .E53 7 1950 (Au468) GRL00524 22/03/2019 22/03/2019 Libros